E muitos os caminhos (Registo nº 200601)

Detalhes MARC
000 -Etiqueta do registo
Valores 00665nam 22002413 4500
010 ## - Número ISBN
ISBN 94143/95
021 ## - Número do Depósito Legal
Código do país Portugal
100 ## - Dados gerais de processamento
Dados gerais 20230530d u||y0pory50 ba
200 ## - Titulo e menção de responsabilidade
Título próprio E muitos os caminhos
Primeira menção de responsabilidade Ana Luísa Amaral
205 ## - Menção da edição
Edição
210 ## - Publicação
Local de publicação Porto
Nome do editor FLUP
Data de publicação 1995
215 ## - Descrição física 
Paginação / Volumes 91 p.
Outras indicações físicas brochado
Dimensões 21 cm
225 ## - Colecção 
Título próprio da colecção Poetas de letras
Indicação de volume 1
317 ## - Nota de proveniência
Texto da nota . - Oferta com dedicatória ao Prof. DR. Almeida Faria
606 ## - Nome comum usado como assunto
ID Autoridade 22
Palavra de ordem Literatura Infantil Portuguesa
610 ## - Termos não controlados
Palavra de ordem poesia
675 ## - CDU
Notação 821.134.3-1-93
Edição PT
Língua por
700 ## - Autor principal (pessoa individual)
Apelido Amaral
Nome Ana Luísa
Datas 1956-2022
ID Autoridade 1350
801 ## - Fonte de origem
País PT
Agência BMMN
Regras de catalogação RPC
830 ## - Notas gerais do catalogador
Criado por Ana
Indexado por Ana
990 ## - Elementos KOHA
Tipo de documento Livro
Exemplares
Situação do levantamento Biblioteca de origem Código de barras Cota Permissão de empréstimo Tipo de documento Nota relativa ao exemplar Forma de aquisição
  Biblioteca Municipal de Montemor-o-Novo 29800 821.134.3-1-93 AMA|SAF   Livro Acesso condicionado Oferta

Powered by Koha